000 00523nam a2200193Ia 4500
003 IEPS
005 20250703135256.0
008 250223s9999||||xx |||||||||||||| ||und||
020 _a9789957323981
040 _CIEPS
041 _aara
082 _a370.15
100 _aالعلوان احمد فلاح
245 0 _aعلم النفس التربوي تطوير المعلمين
260 _aعمان
_bدار حامد
_c2009
300 _a381 ص.
_bصور
_c24 سم.
653 _aعلم النفس
942 _cكتاب
999 _c12132
_d12132